| Tag |
First Indicator |
Second Indicator |
Subfields |
| LEADER |
00000cam a2200000 a 4500 |
| 001 |
in00000027121 |
| 005 |
20151007055908.0 |
| 008 |
871014s1986 ja a 00010 jpn d |
| 020 |
|
|
|a 489737054X
|
| 035 |
|
|
|a (OCoLC)16853366
|
| 035 |
|
|
|9 AAB9582AM
|
| 040 |
|
|
|a IEX
|c IEX
|d AAA
|d TXA
|d UtOrBLW
|
| 041 |
0 |
|
|a jpn
|a eng
|
| 049 |
|
|
|a TXAM
|c [A11032481]
|
| 050 |
|
4 |
|a NK2084
|b .K57 1986
|
| 100 |
1 |
|
|a Kitahara, Susumu,
|d 1934-
|
| 245 |
1 |
0 |
|a Interior :
|b S. Kitahara's modernism.
|
| 264 |
|
1 |
|a Tokyo :
|b Rikuyo-sha Publishing, Inc.,
|c [1986]
|
| 264 |
|
4 |
|c ©1986
|
| 300 |
|
|
|a 115 pages :
|b illustrations (some color) ;
|c 31 cm.
|
| 336 |
|
|
|a text
|b txt
|2 rdacontent
|
| 337 |
|
|
|a unmediated
|b n
|2 rdamedia
|
| 338 |
|
|
|a volume
|b nc
|2 rdacarrier
|
| 500 |
|
|
|a Japanese and English.
|
| 600 |
1 |
0 |
|a Kitahara, Susumu,
|d 1934-
|
| 650 |
|
0 |
|a Interior decoration
|z Japan
|y 20th century.
|
| 650 |
|
0 |
|a Interior architecture
|z Japan
|y 20th century.
|
| 650 |
|
0 |
|a Commercial buildings
|z Japan
|x Designs and plans.
|
| 710 |
2 |
|
|a K.I.D. Associates.
|
| 999 |
|
|
|a MARS
|
| 999 |
f |
f |
|s 1ad55015-98cb-3ec9-95ff-d98841023bdf
|i e083afbc-1fe4-3005-b5b3-f04fe7a5736e
|t 0
|
| 952 |
f |
f |
|p normal
|a Texas A&M University
|b College Station
|c Sterling C. Evans Library
|d Evans: Library Stacks
|t 0
|e NK2084 .K57 1986
|h Library of Congress classification
|i unmediated -- volume
|m A14811032481
|
| 998 |
f |
f |
|a NK2084 .K57 1986
|t 0
|l Evans: Library Stacks
|